<?xml version="1.0" encoding="UTF-8"?>
<record
    xmlns:xsi="http://www.w3.org/2001/XMLSchema-instance"
    xsi:schemaLocation="http://www.loc.gov/MARC21/slim http://www.loc.gov/standards/marcxml/schema/MARC21slim.xsd"
    xmlns="http://www.loc.gov/MARC21/slim">

  <leader>03489cam a2200421 i 4500</leader>
  <controlfield tag="001">22196433</controlfield>
  <controlfield tag="003">OSt</controlfield>
  <controlfield tag="005">20230921153209.0</controlfield>
  <controlfield tag="008">210829s2019    enkab    b    001 0 eng  </controlfield>
  <datafield tag="010" ind1=" " ind2=" ">
    <subfield code="a">  2020335913</subfield>
  </datafield>
  <datafield tag="020" ind1=" " ind2=" ">
    <subfield code="a">9780367247317</subfield>
    <subfield code="q">(hbk)</subfield>
  </datafield>
  <datafield tag="020" ind1=" " ind2=" ">
    <subfield code="z">9780429422959</subfield>
    <subfield code="q">(ebk)</subfield>
  </datafield>
  <datafield tag="025" ind1=" " ind2=" ">
    <subfield code="a">I-E-2020335913</subfield>
  </datafield>
  <datafield tag="037" ind1=" " ind2=" ">
    <subfield code="b">Library of Congress -- New Delhi Overseas Office</subfield>
  </datafield>
  <datafield tag="040" ind1=" " ind2=" ">
    <subfield code="a">DLC</subfield>
    <subfield code="b">eng</subfield>
    <subfield code="e">rda</subfield>
    <subfield code="c">DLC</subfield>
    <subfield code="d">DLC</subfield>
  </datafield>
  <datafield tag="042" ind1=" " ind2=" ">
    <subfield code="a">lcode</subfield>
    <subfield code="a">pcc</subfield>
  </datafield>
  <datafield tag="043" ind1=" " ind2=" ">
    <subfield code="a">a-ii---</subfield>
  </datafield>
  <datafield tag="050" ind1="0" ind2="0">
    <subfield code="a">DS480.842</subfield>
    <subfield code="b">.P3818 2019</subfield>
  </datafield>
  <datafield tag="082" ind1=" " ind2=" ">
    <subfield code="a">954.04</subfield>
    <subfield code="b">RAN/P</subfield>
  </datafield>
  <datafield tag="245" ind1="0" ind2="0">
    <subfield code="a">Partition of India :</subfield>
    <subfield code="b">postcolonial legacies /</subfield>
    <subfield code="c">edited by Amit Ranjan.</subfield>
  </datafield>
  <datafield tag="250" ind1=" " ind2=" ">
    <subfield code="a">First South Asia edition.</subfield>
  </datafield>
  <datafield tag="264" ind1=" " ind2="1">
    <subfield code="a">Abingdon, Oxon ;</subfield>
    <subfield code="a">New York, NY :</subfield>
    <subfield code="b">Routledge, Taylor &amp; Francis Group,</subfield>
    <subfield code="c">2019.</subfield>
  </datafield>
  <datafield tag="264" ind1=" " ind2="2">
    <subfield code="a">New Delhi, India :</subfield>
    <subfield code="b">Exclusively distributed by, Manohar Publishers &amp; Distributors</subfield>
  </datafield>
  <datafield tag="300" ind1=" " ind2=" ">
    <subfield code="a">xv, 317 pages :</subfield>
    <subfield code="b">illustrations, map ;</subfield>
    <subfield code="c">23 cm</subfield>
  </datafield>
  <datafield tag="336" ind1=" " ind2=" ">
    <subfield code="a">text</subfield>
    <subfield code="b">txt</subfield>
    <subfield code="2">rdacontent</subfield>
  </datafield>
  <datafield tag="337" ind1=" " ind2=" ">
    <subfield code="a">unmediated</subfield>
    <subfield code="b">n</subfield>
    <subfield code="2">rdamedia</subfield>
  </datafield>
  <datafield tag="338" ind1=" " ind2=" ">
    <subfield code="a">volume</subfield>
    <subfield code="b">nc</subfield>
    <subfield code="2">rdacarrier</subfield>
  </datafield>
  <datafield tag="500" ind1=" " ind2=" ">
    <subfield code="a">Contributed articles.</subfield>
  </datafield>
  <datafield tag="500" ind1=" " ind2=" ">
    <subfield code="a">"A Routledge India original"--Cover.</subfield>
  </datafield>
  <datafield tag="504" ind1=" " ind2=" ">
    <subfield code="a">Includes bibliographical references and index.</subfield>
  </datafield>
  <datafield tag="505" ind1="0" ind2=" ">
    <subfield code="a">List of illustrations -- List of contributors -- Preface -- List of abbreviations -- Glossary --</subfield>
    <subfield code="g">Introduction :</subfield>
    <subfield code="t">1. Partition of India: a reaction against "differences"? /</subfield>
    <subfield code="r">Amit Ranjan --</subfield>
    <subfield code="g">Part I. Impact of partition in the provinces and princely states :</subfield>
    <subfield code="t">2. The 1947 partition of Punjab /</subfield>
    <subfield code="r">Ishtiaq Ahmed --</subfield>
    <subfield code="t">3. Peregrination of Sindh's march towards Pakistan: communal politics, class conflict and competing nationalisms /</subfield>
    <subfield code="r">Farhan Hanif Siddiqi --</subfield>
    <subfield code="t">4. Peasant nationalism, elite conflict, and the second partition of Bengal, 1918-1947 /</subfield>
    <subfield code="r">Taj Hashmi --</subfield>
    <subfield code="t">5. Recovering a forgotten partition: decolonisation, displacement and memories of home and uprooting in postcolonial Assam /</subfield>
    <subfield code="r">Binayak Dutta --</subfield>
    <subfield code="t">6. Did India's Partition lead to the segregation of North-East India? /</subfield>
    <subfield code="r">Rituparna Bhattacharyya --</subfield>
    <subfield code="t">7. Balochistan: from British rule to a province of Pakistan /</subfield>
    <subfield code="r">Nizam Rahim Baloch --</subfield>
    <subfield code="g">Part II. Migration and displacement :</subfield>
    <subfield code="t">8. Unwanted refugees: Sindhi Hindus in India and Muhajirs in Sindhi /</subfield>
    <subfield code="r">Nandita Bhavnani --</subfield>
    <subfield code="t">9. 1950 riots and fractured social spaces: minority displacement and dispossession in Calcutta and its neighbouring areas /</subfield>
    <subfield code="r">Subhasri Ghosh --</subfield>
    <subfield code="g">Part III. Personal history, interpretation and (re)presentation :</subfield>
    <subfield code="t">10. Kashmir as partition's 'unfinished business' /</subfield>
    <subfield code="r">Farooq Sulehria --</subfield>
    <subfield code="t">11. Lucknow: a personal history /</subfield>
    <subfield code="r">Mehru Jaffer --</subfield>
    <subfield code="t">12. Bacha Khan: the legacy of hope and perseverance /</subfield>
    <subfield code="r">Altaf Khan --</subfield>
    <subfield code="t">13. Whose history of partition?: Tamil cinema and the negotiation of national identity /</subfield>
    <subfield code="r">Kalathmika Natarajan --</subfield>
    <subfield code="t">14. Re(presenting) refugee women in Bengal's partition narratives /</subfield>
    <subfield code="r">Roshni Sharma --</subfield>
    <subfield code="g">Part IV. Relationships: India-Pakistan-Bangladesh :</subfield>
    <subfield code="t">15. Seventy years of India-Pakistan relations /</subfield>
    <subfield code="r">Sajad Padder --</subfield>
    <subfield code="t">16. India, Bangladesh and International Crime Tribunal /</subfield>
    <subfield code="r">Punam Pandey --</subfield>
    <subfield code="t">17. Bangladesh-Pakistan ties: future prospects of a troubled relationship /</subfield>
    <subfield code="r">Pallavi Deka -- Index.</subfield>
  </datafield>
  <datafield tag="530" ind1=" " ind2=" ">
    <subfield code="a">Also available as an e-book.</subfield>
  </datafield>
  <datafield tag="651" ind1=" " ind2="0">
    <subfield code="a">India</subfield>
    <subfield code="x">History</subfield>
    <subfield code="y">Partition, 1947.</subfield>
  </datafield>
  <datafield tag="700" ind1="1" ind2=" ">
    <subfield code="a">Ranjan, Amit</subfield>
    <subfield code="c">(Researcher on South Asia)</subfield>
    <subfield code="e">editor.</subfield>
    <subfield code="9">9559</subfield>
  </datafield>
  <datafield tag="906" ind1=" " ind2=" ">
    <subfield code="a">7</subfield>
    <subfield code="b">cbc</subfield>
    <subfield code="c">origode</subfield>
    <subfield code="d">3</subfield>
    <subfield code="e">ncip</subfield>
    <subfield code="f">20</subfield>
    <subfield code="g">y-gencatlg</subfield>
  </datafield>
  <datafield tag="942" ind1=" " ind2=" ">
    <subfield code="2">ddc</subfield>
    <subfield code="c">BK</subfield>
    <subfield code="h">954.04</subfield>
    <subfield code="i">RAN/P</subfield>
    <subfield code="k">954.04</subfield>
    <subfield code="m">RAN/P</subfield>
  </datafield>
  <datafield tag="952" ind1=" " ind2=" ">
    <subfield code="0">0</subfield>
    <subfield code="1">0</subfield>
    <subfield code="2">ddc</subfield>
    <subfield code="4">0</subfield>
    <subfield code="7">0</subfield>
    <subfield code="8">HISTORY</subfield>
    <subfield code="a">MES</subfield>
    <subfield code="b">MES</subfield>
    <subfield code="c">HIS</subfield>
    <subfield code="d">2023-09-21</subfield>
    <subfield code="l">0</subfield>
    <subfield code="o">954.04 RAN/P</subfield>
    <subfield code="p">42522</subfield>
    <subfield code="r">2023-09-21 15:32:54</subfield>
    <subfield code="v">1495.00</subfield>
    <subfield code="w">2023-09-21</subfield>
    <subfield code="y">BK</subfield>
    <subfield code="z">GL37R3</subfield>
  </datafield>
  <datafield tag="999" ind1=" " ind2=" ">
    <subfield code="c">42220</subfield>
    <subfield code="d">42220</subfield>
  </datafield>
</record>
